مكتبة جامعة عجلون الوطنية

فهرس بحث المكتبة

Normal view MARC view
  •  فلسطين -- تاريخ -- دوائر معارف

Entry Topical Term

Number of records used in: 1

001 - CONTROL NUMBER

  • control field: 49945

003 - CONTROL NUMBER IDENTIFIER

  • control field: JO-AjAnu

005 - DATE AND TIME OF LATEST TRANSACTION

  • control field: 20230606082227.0

008 - FIXED-LENGTH DATA ELEMENTS

  • fixed length control field: 230606|| aca||aabn | a|a d

040 ## - CATALOGING SOURCE

  • Original cataloging agency: JO-AjAnu
  • Transcribing agency: JO-AjAnu

150 ## - HEADING--TOPICAL TERM

  • Topical term or geographic name entry element:  فلسطين -- تاريخ -- دوائر معارف

670 ## - SOURCE DATA FOUND

  • Source citation: Work cat.: (JO-AjAnu)25537: تحرير أشتية، محمد , author 49944, موسوعة المصطلحات والمفاهيم الفلسطينية